000 00845nam a2200289Ia 4500
003 SMC
005 20170110133713.0
008 160404s9999 xx 000 0 und d
020 _a971-08-6477-7
050 _aFIL HQ 35.2
050 _b.S26 2004 c.1
100 _aSanchez, Custodiosa A.
245 _aHuman sexuality, family planning, and responsible parenthood /
245 _cCustodiosa A. Sanchez, Rey A. Sanchez.
260 _aMandaluyong:
260 _bNational Book Store,
260 _c2004
300 _a236 pages :
300 _billustrations ;
300 _c22 cm.
500 _aIncludes bibliographical references and index.
650 _aFamily -- Philippines.
650 _aSex instruction for youth.
650 _xBirth control -- Philippines.
650 _xMarriage -- Philippines.
942 _2lcc
_cBK
999 _c293167
_d293167